[Event "Hohenloher op 10th"]
[Site "Forchtenberg"]
[Date "2003.06.21"]
[Round "6"]
[White "Marian, Renate"]
[Black "Kreissl, Franz"]
[Result "1-0"]
[WhiteElo "1540"]
[BlackElo "1669"]
[PlyCount "121"]
[EventDate "2003.06.19"]
[EventType "swiss"]
[EventRounds "7"]
[EventCountry "GER"]
[SourceTitle "EXT 2004"]
[Source "ChessBase"]
[SourceDate "2003.11.25"]
[SourceVersion "1"]
[SourceVersionDate "2003.11.25"]
[SourceQuality "1"]

1. d4 Nf6 2. Bf4 d6 3. e3 g6 4. Be2 Bg7 5. Nd2 Bd7 6. Ngf3 0-0 7. 0-0 Nc6 8. c3 a6 9. h3 Re8 10. Qc2 e5 11. dxe5 dxe5 12. Bh2 Re7 13. Rfd1 Qe8 14. e4 h6 15. a4 Nh7 16. Bc4 Na5 17. Be2 c5 18. Nb3 Nxb3 19. Qxb3 Bc6 20. Qc2 Rc8 21. a5 Bf6 22. Nd2 Ng5 23. f3 Bb5 24. c4 Ne6 25. cxb5 Nd4 26. Qc4 axb5 27. Qd3 c4 28. Qe3 Rd8 29. Qf2 Bg5 30. Nf1 Red7 31. Bg3 Qe7 32. Rab1 Qc5 33. Kh1 h5 34. h4 Bh6 35. Bh2 Qe7 36. g3 Qb4 37. Ne3 Qxa5 38. Nd5 Qa6 39. Bf1 Qe6 40. Bg1 f5 41. Bh3 Rf7 42. Qg2 Nb3 43. g4 hxg4 44. fxg4 fxg4 45. Bxg4 Qc6 46. Ne7+ Rxe7 47. Rxd8+ Kh7 48. Rbd1 Qf6 49. h5 Nd4 50. hxg6+ Kg7 51. Bxd4 exd4 52. R8xd4 Qh4+ 53. Bh3 Be3 54. Rd7 Rxd7 55. Rxd7+ Kg8 56. Rd1 b4 57. Qf3 Qf4 58. Qxf4 Bxf4 59. Be6+ Kg7 60. Bxc4 Kxg6 61. Kg2 1-0

[Event "Hohenloher op 10th"]
[Site "Forchtenberg"]
[Date "2003.06.20"]
[Round "4"]
[White "Weber, Max1111"]
[Black "Kreissl, Franz"]
[Result "1-0"]
[WhiteElo "1838"]
[BlackElo "1669"]
[PlyCount "90"]
[EventDate "2003.06.19"]
[EventType "swiss"]
[EventRounds "7"]
[EventCountry "GER"]
[SourceTitle "EXT 2004"]
[Source "ChessBase"]
[SourceDate "2003.11.25"]
[SourceVersion "1"]
[SourceVersionDate "2003.11.25"]
[SourceQuality "1"]

1. c4 Nf6 2. Nc3 c5 3. Nf3 Nc6 4. d4 cxd4 5. Nxd4 Nxd4 6. Qxd4 e6 7. e4 b6 8. e5 Ng8 9. Ne4 Bb4+ 10. Bd2 Bxd2+ 11. Qxd2 Nh6 12. Nd6+ Kf8 13. 0-0-0 Nf5 14. Nxc8 Qxc8 15. Qxd7 g6 16. Qxc8+ Rxc8 17. Rd7 Ne7 18. Be2 b5 19. b3 Nc6 20. f4 bxc4 21. Bxc4 Na5 22. Rd4 Kg7 23. Rhd1 Rc7 24. Kc2 Rhc8 25. Kc3 h5 26. g3 Nc6 27. Rd7 a5 28. a3 Kf8 29. Kb2 Ne7 30. Rxc7 Rxc7 31. Rc1 Rd7 32. Kc2 Nf5 33. Re1 Ke7 34. Kc3 Kd8 35. Re2 Kc7 36. Rd2 Rxd2 37. Kxd2 Kb6 38. b4 axb4 39. axb4 Nd4 40. Kc3 Nf3 41. Be2 Nxh2 42. Kc4 Kc6 43. b5+ Kb6 44. Kb4 Kc7 45. Kc5 Kb7 1-0